Score 0/36 Timer 05:00
0 Plays Today
Microfilm and Newsreel Materials Missing (Alphabetical) % Correct
“Reader's ______Digest
95.2%
Disney's “____ Mouse”Mickey
93.8%
The Holy _____Bible
93.7%
“The ___ Yorker”New
92.8%
“____ with the Wind” by Margaret MitchellGone
92.7%
Harold Gray's “Little Orphan _____Annie
91.9%
Franklin D. _________ speaking at a Civil War commemorationRoosevelt
91.8%
“Persistence of Memory” by Salvador ____Dalí
89.5%
“The Stars and _______ Forever” by John Philip SousaStripes
89.1%
Excerpts from the Encyclopaedia __________Britannica
87.7%
“The Lord's ______” (in 300 languages)Prayer
87.3%
“The New York _____Times
86.7%
_____'s Fables: “The North Wind and the Sun” (in 20 languages)Aesop
85.9%
Chester Gould's “____ Tracy”Dick
85.7%
“The Saturday ________ Post”Evening
85.2%
“Guernica” by Pablo _______Picasso
82.3%
Rand McNally's map guide, “The World _____Atlas
80.9%
_____ Owens winning the 100 meter dash in the 1936 OlympicsJesse
80.7%
Microfilm and Newsreel Materials Missing (Alphabetical) % Correct
Howard ______ flying in his plane over New York City skyscrapersHughes
76.9%
_____, Roebuck & Co.Sears
76.9%
Soviets celebrating Int'l Labor Day in ___ Square, MoscowRed
75.9%
Assembly belt at _______ Motors Corp. in DetroitGeneral
75%
“Good ____________Housekeeping
72.7%
“______' Home Journal”Ladies
66.8%
Union _______ Railroad, 1938Pacific
66%
“Arrowsmith” by Sinclair _____Lewis
64.2%
_____________ Business MachinesInternational
59.3%
______ Airlines, 1938United
59.1%
Funk & Wagnalls' “The Practical Standard __________Dictionary
58.7%
“The Chemical ________ and Their Discoveries” by Fischer ScientificElements
46.7%
“The _____ Almanac and Book of Facts of 1938”World
40.6%
“_____'s Card Rules”Hoyle
31.9%
“The ____-Foot Floogee” by Slim Gaillard et alFlat
28.1%
“Dictionary of Slang and Colloquial _______English
23.8%
Symphony Conductor Arturo _________Toscanini
18.7%
“Finlandia” by Jean ________Sibelius
17.9%

Today's Daily Dose

Remove Ads.
Support Sporcle.
Get the best of Sporcle when you Go Orange. This ad-free experience offers more features, more stats, and more fun while also helping to support Sporcle. Thank you for becoming a member.

You're not logged in!

Compare scores with friends on all Sporcle quizzes.
OR
Log In

Show Comments

Extras

Top Quizzes Today


Score Distribution

Your Account Isn't Verified!

In order to create a playlist on Sporcle, you need to verify the email address you used during registration. Go to your Sporcle Settings to finish the process.

Report this User

Report this user for behavior that violates our Community Guidelines.

Details: